Mercado de valores

Detalles Bibliográficos
Autor principal: Cr̤doba Padilla, Marcial
Formato: eBook
Lenguaje:español
Publicado: Ciudad de Mx̌ico: Instituto Mexicano de Contadores Pb︢licos, 2020
Materias:
Acceso en línea:Acceso restringido

MARC

LEADER 00000nam a22000007a 4500
005 2020092205285.0
007 cr|||| ||||
008 200922s2020 mx |||||s|||| 00||0 spa d
020 |a 978-607-563-024-3 
035 |a 32185 
040 |a vLex 
090 |c 10759  |d 10759 
100 1 |a Cr̤doba Padilla, Marcial 
245 1 0 |a Mercado de valores  |h [Recurso electrn̤ico] /  |c Marcial Cr̤doba Padilla 
256 |a Servicio en ln̕ea 
260 |a Ciudad de Mx̌ico:  |b Instituto Mexicano de Contadores Pb︢licos,  |c 2020 
300 |a 1 recurso electrn̤ico 
500 |a Existen varias alternativas de ahorro e inversin̤ para empresas y perƯsonas fs̕icas que permiten, respectivamente, obtener rendimientos y diversificar el riesgo inherente a una inversin̤. Una de estas es el mercado de valores, que surge en el contexto de la globalizacin̤ de la economa̕, la internacionalizacin̤ de los flujos financieros y la desreƯgularizacin̤ de los mercados. La ventaja del mercado de valores es que permite a emisores locales obtener recursos de ahorro extranjeros y, de la misma forma, a los emisores extranjeros conseguir recursos de ahorro locales para la realizacin̤ de grandes proyectos. En Mercado de valores, el autor ofrece a los lectores herramientas tčniƯcas de anl̀isis e interpretacin̤ de los mercados financieros, a partir de sl̤idos conceptos ter̤icos y un fuerte componente de normas relati -vas a los mercados bancarios y burst̀iles. Luego de una introduccin̤ al sistema financiero y los activos financieros, el libro profundiza en el mercado de valores con capt̕ulos sobre los tt̕ulos valores, la conforƯmacin̤ del mercado de valores, la bolsa de valores, la emisin̤ y oferta de valores, y la negociacin̤ en este mercado. Finaliza con dos capt̕ulos sobre el anl̀isis del mercado de valores y su regulacin̤ y supervisin̤. Aunado a lo anterior se incluyen propuestas de cuestionario resuelto, cuestionario propuesto y casos prc̀ticos. Este es un texto de referencia indispensable para inversionistas, em -presarios, profesionales, estudiantes y acadm̌icos de programas de finanzas, economa̕, administracin̤ de empresas y contabilidad de preƯgrado y posgrado, as ̕como para todos los interesados en conocer los aspectos institucionales, financieros, comerciales y operativos que perƯmiten operar con eficiencia en el mercado de valores 
506 1 |a Disponible solo en los productos indicados  |d vLex Global  |d vLex Global (Academic Edition, excluding Law Schools)  |d vLex Global (U.S. Academic Edition, Law Schools)  |d vLex Global (U.S. Academic Edition, excluding Law Schools)  |d vLex Global (Academic Edition, Law Schools) 
650 0 4 |a Financiero  |z Mx̌ico 
740 0 |a vLex Libros (Servicio en ln̕ea) 
856 4 0 |u http://vlex.com/source/mercado-de-valores-32185  |z Acceso restringido 
942 |c BOOK 
999 0 |a Financial